Ricostruisci la Carriera del Calciatore - Zlatan Ibrahimović - Statistics

Statistiche generali
  • Questo quiz è stato fatto 182 volte
  • Il punteggio medio è 8 su 10
Statistiche sulle risposte
Hint Risposta % Corretto
2001-2004 Ajax
95%
1999-2001 Malmö FF
95%
2006-2009 Inter
84%
2009-2010 Barcellona
81%
2020-2023 Milan
79%
2004-2006 Juventus
77%
2010-2012 Milan
76%
2018-2019 LA Galaxy
75%
2012-2016 Paris Saint-Germain
67%
2016-2018 Manchester Utd
65%
Nessun quiz corrispondente trovato
Distribuzione punteggi
Percentuale di utenti per punteggio
Percentile per numero di risposta
I tuoi punteggi nel tempo
Non hai fatto questo quiz